000 00711cam a2200241 a 4500
001 286
003 BR-CuiBMT
005 20231106231544.0
008 230926s2023 mgb 000 0 por d
020 _a9786525276199
040 _aBR-CuiBMT
_cBR-CuiBMT
080 _22007
_a347.9
090 _a347.9
_bS433t
100 1 _aScremin Neto, Fernandinho
245 1 0 _aTutela de urgência e processo estrutural /
_cFernandinho Scremin Neto.
260 _aSão Paulo :
_bDialética,
_c2023.
300 _a138 p. ;
_c22 cm
504 _aInclui bibliografia.
650 _aTutela de urgência
_xDireito civil
650 _aDireito processual civil
650 _aProcessos estruturais
_xDireito civil
942 _2udc
_cLV
999 _c286
_d286